000 00447nam a2200169Ia 4500
003 GCL
008 140319s9999 xx 000 0 eng d
040 _aGCL /
_cGCL
082 0 4 _a170
_bW M
100 1 _aWILLIAMS, BERNARD
245 1 0 _aMORALITY: AN INTRODUCTION TO ETHICS /
_cWILLIAMS, BERNARD
260 _a[S.N] :
_bCAMLRIDGE UNIVERSITY PRESS ،
_c1993
650 0 4 _aMORALITY
650 0 4 _aPHILOSOPHY
650 0 4 _aETHICS
942 _2ddc
_cBK
999 _c21409
_d21409